007050000a22001810004500090001400000245010400014650003600118650003300154650002400187650003400211651001800245041001300263100003100276942001300307773002800320999001700348952015800365 aARb0212910aMedicinal plants and herbal medicine in Africa: policy issues on ownership, access and conservation14aConocimiento tradicional99224414aAcceso a los recursos99522614aUso sostenible934414aPolíticas ambientales95366 4pAfrica9927490 aInglés1 aHoffman, Forrest M.992960 cARTICULO1 tPreprint33q1-22d1997 c11205d11205 001040718HEMEROTECAaBogotabBogotad2015-02-27hFuera de circulaciónl0oAR 02129p012511r2015-03-25 00:00:00t1w2015-03-25xDonaciónyARTICULO